Trackmania Tricks - Statistics

General Stats
  • This quiz has been taken 110 times
  • The average score is 8 of 12
Answer Stats
Hint Answer % Correct
Land 90 degrees and drift Bugslide
100%
Stabilises car midair Airbrake
98%
Land on your nose and drift to go 270 degrees Nosebug
93%
Upside down Turtle
90%
Big yeet Uberbug
85%
Only way to go fast on ice Iceslide
83%
Gains lots of accelaration once done correcting Speedslide
80%
Literally impossible to do for human, TAS friendly though Noseboost
68%
Go to border for a small clip on your tires (old) Rammstein Bug
68%
Wiggle on dirt/grass Grass Wiggle
22%
Hit a wall and spin Pirouette
8%
Go on your side Side Slide
3%
No matching quizzes found
Score Distribution
Percent of People with Each Score
Percentile by Number Answered
Your Score History
You have not taken this quiz